Poesías /

Guardado en:
Autor Principal: Gutiérrez, Juan María
Formato: Libro
Publicado: Argentina : Estrada, 1945
Series:Colec. Cl sicos Argentinos1
Etiquetas: Agregar Etiqueta
Sin Etiquetas, Sea el primero en etiquetar este registro!
LEADER 00454nam a22001575a 4500
001 CEM.cems003097
005 19000101000000.0
008 130507s1945##################000#0#####d
003 CEMS
082 0 4 |a A861.2 
100 1 |a Gutiérrez, Juan María 
245 1 0 |a Poesías /  |c  Juan María Gutiérrez 
260 |a Argentina :  |b Estrada,  |c 1945 
300 |a 307 p. 
490 0 |a Colec. Cl sicos Argentinos1 
859 |a CEMS  |b BIB. CEMS - 11 de abril  |h A861.2  |i G985  |p 8451.80  |t Ej.1